书目信息 |
| 题名: |
新课程下的小学生节日纪念日活动的组织与指导
|
|
| 作者: | ;国家新课程教学策略研究组 编写 | |
| 分册: | ||
| 出版信息: | 喀什 喀什维吾尔文出版社 2004 |
|
| 页数: | 153页 | |
| 开本: | 18cm | |
| 丛书名: | 中小学图书馆必备文库 | |
| 单 册: | ||
| 中图分类: | G623.1 | |
| 科图分类: | ||
| 主题词: | 小学--政治课 | |
| 电子资源: | ||
| ISBN: | 7-5373-1081-5 | |
| 000 | 01017oam2 2200277 45 | |
| 001 | 060000019516 | |
| 005 | 20051013090746.92 | |
| 010 | @a7-5373-1081-5@dCNY10.00 | |
| 100 | @a20050127d2004 ekmy0chiy0120 ea | |
| 101 | 0 | @achi |
| 102 | @aCN@b650000 | |
| 105 | @ay az 000yy | |
| 200 | 1 | @a新课程下的小学生节日纪念日活动的组织与指导@9xin ke cheng xia de xiao xue sheng jie ri ji nian ri huo dong de zu zhi yu zhi dao@e新课程如何教@f国家新课程教学策略研究组编写 |
| 210 | @a喀什@c喀什维吾尔文出版社@c新疆青少年出版社@d2004 | |
| 215 | @a153页@d18cm | |
| 225 | 2 | @a中小学图书馆必备文库@i新课程教与学系列@h第一辑 |
| 300 | @a新课程小学班主任工作手册 | |
| 320 | @a有书目 | |
| 461 | 0 | @12001 @a中小学图书馆必备文库 |
| 462 | 0 | @12001 @a新课程教与学系列 |
| 517 | 1 | @a新课程如何教@9xin ke cheng ru he jiao |
| 606 | 0 | @a小学@x政治课 |
| 690 | @aG623.1@v4 | |
| 711 | 02 | @a国家新课程教学策略研究组@9guo jia xin ke cheng jiao xue ce lue yan jiu zu@4编写 |
| 801 | 0 | @aCN@bTSSF@c20051013 |
| 905 | @a10447@dG623.1@e146 | |
| 新课程下的小学生节日纪念日活动的组织与指导:新课程如何教/国家新课程教学策略研究组编写.-喀什:喀什维吾尔文出版社:新疆青少年出版社,2004 |
| 153页;18cm.-(中小学图书馆必备文库.新课程教与学系列.第一辑) |
| 新课程小学班主任工作手册 |
| ISBN 7-5373-1081-5:CNY10.00 |
| ● |
| 相关链接 |
|
|
|
|
正题名:新课程下的小学生节日纪念日活动的组织与指导
索取号:G623.1/146
 
预约/预借
| 序号 | 登录号 | 条形码 | 馆藏地/架位号 | 状态 | 备注 |
| 1 | 0365760 | 3657607 | 第一样本阅览室/ [索取号:G623.1/146] | 在馆 | |
| 2 | 0365761 | 3657616 | 第四借阅区/ [索取号:G623.1/146] | 在馆 | |
| 3 | 0365762 | 3657625 | 第四借阅区/ [索取号:G623.1/146] | 在馆 | |
| 4 | 0365763 | 3657634 | 第四借阅区/ [索取号:G623.1/146] | 在馆 | |
| 5 | 0365764 | 3657643 | 第四借阅区/ [索取号:G623.1/146] | 在馆 |